Vista normal Vista MARC

Entrada Geographic Name

Número de registros utilizados en: 2

001 - CONTROL NUMBER

  • control field: 62993

003 - CONTROL NUMBER IDENTIFIER

  • control field: OSt

005 - DATE AND TIME OF LATEST TRANSACTION

  • control field: 20250821210210.0

008 - FIXED-LENGTH DATA ELEMENTS

  • fixed length control field: 250821|| aca||aabn | a|a d

040 ## - CATALOGING SOURCE

  • Original cataloging agency: OSt
  • Transcribing agency: OSt

151 ## - HEADING--GEOGRAPHIC NAME

  • Geographic name: Colombia
  • General subdivision: Historia
  • General subdivision: Período de la violencia
  • Chronological subdivision: 1947-1957

670 ## - SOURCE DATA FOUND

  • Source citation: Work cat.: (OSt)58348: Arango Arias, Gonzalo 1931-1976 aut 62991, Elegía a Desquite /









Instituto Departamental de Cultura del Meta - Red Departamental de Bibliotecas Públicas del Meta.